Логика: учебное пособие для вузов

Xehetasun bibliografikoak
Egile nagusia: Гетманова А. Д. Александра Денисовна
Gaia:Логически правильная форма мышления является существенным компонентом и показателем интеллектуальной культуры человека. Базовый постулат данного учебника предельно прост: логика, те законы и формы, в которых она воплощается, мысль человека в своих элементарных формах не зависят ни от предметной области приложения этой мысли, ни от типа человека, ни от направленности его мышления. Именно освоение такой универсальной логики практического повседневного мышления и является той основой, которая позволяет формировать непротиворечивое научное и профессиональное мышление. Учебник соответствует программе учебного курса «Логика», утвержденного государственным стандартом для высших и средних учебных заведений. В нем рассматриваются основные понятия и приемы логико-методологического исследования. Особую ценность учебнику придают приложенные к теоретическим разделам учебника словарь логических терминов и большой логический практикум, направленный на тренировку формально-логического мышления. Учебник предназначен для студентов, слушателей в системе повышения квалификации, преподавателей и всех интересующихся проблемами логики.
Hizkuntza:errusiera
Argitaratua: Москва, Академический проект, 2009
Saila:Gaudeamus
Учебник, словарь, практикум
Gaiak:
Formatua: MixedMaterials Liburua
KOHA link:https://koha.lib.tpu.ru/cgi-bin/koha/opac-detail.pl?biblionumber=180540

MARC

LEADER 00000nam0a2200000 4500
001 180540
005 20231101223545.0
010 |a 9785829111489 
035 |a (RuTPU)RU\TPU\book\195712 
090 |a 180540 
100 |a 20100519d2009 m y0rusy50 ca 
101 0 |a rus 
102 |a RU 
105 |a a j 001zy 
200 1 |a Логика  |e учебное пособие для вузов  |f А. Д. Гетманова 
210 |a Москва  |c Академический проект  |d 2009 
215 |a 712 с.  |c ил. 
225 1 |a Gaudeamus 
225 1 |a Учебник, словарь, практикум 
320 |a Библиогр.: с. 704-707. 
320 |a Словарь терминов: с. 562-700. 
330 |a Логически правильная форма мышления является существенным компонентом и показателем интеллектуальной культуры человека. Базовый постулат данного учебника предельно прост: логика, те законы и формы, в которых она воплощается, мысль человека в своих элементарных формах не зависят ни от предметной области приложения этой мысли, ни от типа человека, ни от направленности его мышления. Именно освоение такой универсальной логики практического повседневного мышления и является той основой, которая позволяет формировать непротиворечивое научное и профессиональное мышление. Учебник соответствует программе учебного курса «Логика», утвержденного государственным стандартом для высших и средних учебных заведений. В нем рассматриваются основные понятия и приемы логико-методологического исследования. Особую ценность учебнику придают приложенные к теоретическим разделам учебника словарь логических терминов и большой логический практикум, направленный на тренировку формально-логического мышления. Учебник предназначен для студентов, слушателей в системе повышения квалификации, преподавателей и всех интересующихся проблемами логики. 
451 1 |0 (RuTPU)RU\TPU\book\182579  |y 978-5-370-009730  |t Логика  |o учебник  |f А. Д. Гетманова  |e 14-е изд., стер.  |c М.  |n Омега-Л  |d 2009  |p 415 с.  |s Университетский учебник  |a Гетманова, Александра Денисовна 
606 1 |a Логика  |2 stltpush  |3 (RuTPU)RU\TPU\subj\40551  |9 60396 
610 1 |a логические законы 
610 1 |a умозаключения 
610 1 |a аргументация 
610 1 |a гипотезы 
610 1 |a логическое мышление 
610 1 |a обучение 
610 1 |a символическая логика 
610 1 |a учебные пособия 
686 |a Ю4я73  |v LBC/SL-A  |2 rubbk 
700 1 |a Гетманова  |b А. Д.  |g Александра Денисовна 
801 1 |a RU  |b 63413507  |c 20100519 
801 2 |a RU  |b 63413507  |c 20150818  |g RCR 
900 |a Логика и теория аргументации 
942 |c BK 
952 |l 8